Mercy / (Record no. 22680)

000 -LEADER
fixed length control field 01224nam a2200325 4500
008 - FIXED-LENGTH DATA ELEMENTS--GENERAL INFORMATION
fixed length control field 260417b xxu||||| |||| 00| 0 eng d
082 ## - DEWEY DECIMAL CLASSIFICATION NUMBER
Classification number 791.4372
Item number M557 2026
245 ## - TITLE STATEMENT
Title Mercy /
Statement of responsibility, etc directed by Timur Bekmambetov ; written by Marco van Belle.
260 ## - PUBLICATION, DISTRIBUTION, ETC. (IMPRINT)
Place of publication, distribution, etc United States :
Name of publisher, distributor, etc Amazon MGM studios,
Date of publication, distribution, etc 2026.
300 ## - PHYSICAL DESCRIPTION
Extent 1 videodisc (ca. 99 min.) :
Other physical details sound, color.
520 ## - SUMMARY, ETC.
Summary, etc A drama/thriller film exploring themes of justice, morality, and mercy as characters face difficult decisions and the consequences of past actions.
521 ## - TARGET AUDIENCE NOTE
Target audience note For mature audiences (16+/18+) due to thematic elements such as crime, violence, and moral conflict.
546 ## - LANGUAGE NOTE
Language note In English subtitle.
655 ## - INDEX TERM--GENRE/FORM
Genre/form data or focus term Artificial Intelligence.
655 ## - INDEX TERM--GENRE/FORM
Genre/form data or focus term Cyber Thriller.
655 ## - INDEX TERM--GENRE/FORM
Genre/form data or focus term Cyberpunk.
655 ## - INDEX TERM--GENRE/FORM
Genre/form data or focus term Dystopian Sci-Fi.
655 ## - INDEX TERM--GENRE/FORM
Genre/form data or focus term Legal Drama.
655 ## - INDEX TERM--GENRE/FORM
Genre/form data or focus term Legal Thriller.
655 ## - INDEX TERM--GENRE/FORM
Genre/form data or focus term Police Procedural.
655 ## - INDEX TERM--GENRE/FORM
Genre/form data or focus term Psychological Drama.
655 ## - INDEX TERM--GENRE/FORM
Genre/form data or focus term Psychological Thriller.
655 ## - INDEX TERM--GENRE/FORM
Genre/form data or focus term Whodunnit.
700 ## - ADDED ENTRY--PERSONAL NAME
Personal name Bekmambetov, Timur, director.
700 ## - ADDED ENTRY--PERSONAL NAME
Personal name Belle, Marco van, writer.
700 ## - ADDED ENTRY--PERSONAL NAME
Personal name Pratt, Chris, star.
700 ## - ADDED ENTRY--PERSONAL NAME
Personal name Ferguson, Rebecca, star.
700 ## - ADDED ENTRY--PERSONAL NAME
Personal name Reis, Kali, star.
942 ## - ADDED ENTRY ELEMENTS (KOHA)
Item type Audio-Visual Materials
Source of classification or shelving scheme
Holdings
Source of acquisition Price effective from Permanent location Date last seen Not for loan Date acquired Source of classification or shelving scheme Koha item type Collection code Shelving location Damaged status Lost status Withdrawn status Current location Full call number
Donation2026-04-17Cagayan State University - Carig Library2026-04-17 2026-04-17 Audio-Visual MaterialsElectronic Media CenterAudio Visual   Cagayan State University - Carig Library791.4372 M557 2026

Cagayan State University University Library, Carig Campus
Tuguegarao City, Cagayan 3500 | www.csucarig.edu.ph

Powered by Koha